[Event "69. UEM HT"]
[Site "Schweinfurt / Germany"]
[Date "2018.04.06"]
[Round "7.5"]
[White "Volkamer, Klaus"]
[Black "Brodt, Andreas"]
[Result "1/2-1/2"]
[WhiteElo "1883"]
[BlackElo "1784"]
[Annotator "Lukas, Norbert"]
[PlyCount "177"]
[EventDate "2018.04.02"]
[EventType "swiss"]
[EventRounds "9"]
[EventCountry "GER"]
[SourceTitle "69. UEM"]
[Source "SK SW 2000 e.V."]
[SourceDate "2018.04.08"]
[SourceVersion "1"]
[SourceVersionDate "2018.04.08"]
[SourceQuality "1"]
[WhiteTeam "SC Kitzingen von 1905"]
[BlackTeam "Schachklub Schweinfurt 2000 e.V."]

1. d4 Nf6 2. c4 e6 3. Nf3 Bb4+ 4. Bd2 Be7 5. Nc3 O-O 6. e4 d6 7. Bd3 b6 8. O-O
Bb7 9. Rc1 Nbd7 10. Bb1 e5 11. Be3 c5 12. dxe5 Nxe5 13. Nxe5 dxe5 14. Nd5 Nxd5
15. exd5 f5 16. Qh5 g6 17. Qe2 Qd6 18. Bh6 Rfe8 19. Bd2 Bc8 20. Bc3 Bf6 21. Qe3
Bd7 22. Qh6 Bg7 23. Qg5 Qf8 24. Rfe1 Bf6 25. Qg3 Qg7 26. Re2 f4 27. Qf3 Bf5 28.
Bxf5 gxf5 29. Qh5 Qg6 30. Qxg6+ hxg6 31. Rce1 Kf7 32. Bxe5 Bxe5 33. Rxe5 Rxe5
34. Rxe5 Rd8 35. b3 Rd6 36. a4 a5 37. f3 Kf6 38. Re8 Kf7 39. Rh8 Kg7 40. Rc8
Kf6 41. Kf2 Ke7 42. Rh8 Kf6 43. Rh4 Ke5 44. Ke2 Kd4 45. Kd2 g5 46. Rh8 Rg6 47.
h3 g4 48. hxg4 fxg4 49. Rh4 gxf3 50. Rxf4+ Ke5 51. Rxf3 Rxg2+ 52. Kd3 Rg4 53.
Re3+ Kd6 54. Re4 Rg3+ 55. Re3 Rg4 56. Ke2 Rh4 57. Kf3 Kd7 58. Kg3 Rd4 59. Kf3
Rh4 60. Ke2 Rh2+ 61. Kd3 Rh4 62. Kc3 Rf4 63. Re6 Rf3+ 64. Kb2 Rf2+ 65. Ka3 Kc7
66. Re7+ Kd8 67. Rh7 Rf6 68. Ra7 Kc8 69. Rh7 Kd8 70. Rb7 Kc8 71. Rg7 Rh6 72.
Kb2 Kb8 73. Kc2 Kc8 74. Kd3 Rh3+ 75. Ke4 Rxb3 76. Ke5 Rh3 77. Kd6 Rh6+ 78. Ke7
Kb7 79. Rf7 Kc7 80. Ke8+ Kc8 81. Rf3 Kc7 82. Ke7 Rh4 83. Rd3 Rh6 84. Rd2 Rd6
85. Rd3 Rd7+ 86. Ke6 Rd6+ 87. Ke7 Rd7+ 88. Ke6 Rh7 89. d6+ 1/2-1/2

[Event "69. UEM HT"]
[Site "Schweinfurt / Germany"]
[Date "2018.04.06"]
[Round "7.9"]
[White "Schalkhäuser, Linus"]
[Black "Susallek, Daniela"]
[Result "1/2-1/2"]
[WhiteElo "801"]
[BlackElo "1100"]
[Annotator "Lukas, Norbert"]
[PlyCount "73"]
[EventDate "2018.04.02"]
[EventType "swiss"]
[EventRounds "9"]
[EventCountry "GER"]
[SourceTitle "69. UEM"]
[Source "SK SW 2000 e.V."]
[SourceDate "2018.04.08"]
[SourceVersion "1"]
[SourceVersionDate "2018.04.08"]
[SourceQuality "1"]
[WhiteTeam "Schachklub Schweinfurt 2000 e.V."]
[BlackTeam "SK 1928 Mömbris"]

1. e4 e5 2. Nf3 Nc6 3. Bb5 (3. Bc4 d6 4. d3 Bd7 5. Nc3 h6 6. O-O Nf6 7. Re1 a6
8. a4 Be7 9. Nd5 O-O 10. Nxe7+ Qxe7 11. c3 b5) 3... d6 4. d3 Bd7 5. Nc3 h6 6.
O-O Nf6 7. Re1 a6 8. Ba4 Be7 9. Nd5 O-O 10. Nxe7+ Qxe7 11. c3 b5 12. Bc2 Rad8
13. d4 Bg4 14. d5 Nb8 15. h3 Bh5 16. a4 Qe8 17. b3 Nbd7 18. Bd3 Nc5 19. Bc2
bxa4 20. bxa4 Rb8 21. a5 Nfd7 22. c4 f6 23. Rb1 Qg6 24. Rxb8 Rxb8 25. g4 Bxg4
26. hxg4 Qxg4+ 27. Kf1 Rb4 28. Nd2 Qh3+ 29. Ke2 Qg4+ 30. Kf1 Qh3+ 31. Ke2 Qg4+
32. Nf3 Nxe4 33. Bxe4 Qxe4+ 34. Kf1 Qxc4+ 35. Qe2 Qxe2+ 36. Rxe2 Rb1 37. Re1
1/2-1/2

[Event "69. UEM HT"]
[Site "Schweinfurt / Germany"]
[Date "2018.04.06"]
[Round "7.1"]
[White "Herberich, Martin"]
[Black "Simon, Manuel"]
[Result "0-1"]
[WhiteElo "1810"]
[BlackElo "1562"]
[Annotator "Lukas, Norbert"]
[PlyCount "94"]
[EventDate "2018.04.02"]
[EventType "swiss"]
[EventRounds "9"]
[EventCountry "GER"]
[SourceTitle "69. UEM"]
[Source "SK SW 2000 e.V."]
[SourceDate "2018.04.08"]
[SourceVersion "1"]
[SourceVersionDate "2018.04.08"]
[SourceQuality "1"]
[WhiteTeam "TV Faulbach e.V. 1920"]
[BlackTeam "SK 1928 Mömbris"]

1. d4 g6 2. Nf3 Bg7 3. Bf4 Nf6 4. Nbd2 O-O 5. e3 d5 6. Bd3 Nbd7 7. h3 c5 8. c3
c4 9. Bc2 Ne8 10. b3 b5 11. bxc4 bxc4 12. Ba4 Bb7 13. Bxd7 Qxd7 14. O-O f6 15.
a4 Nd6 16. Qc2 Rae8 17. Bxd6 Qxd6 18. Qb2 Bc6 19. Rfb1 Rb8 20. Qc2 e5 21. Rxb8
Rxb8 22. Rb1 Rxb1+ 23. Nxb1 Qd7 24. Qb2 e4 25. Nfd2 Bxa4 26. Qb8+ Bf8 27. Kf1
Kg7 28. Qb2 Qc7 29. Ke2 a5 30. Qa2 Bd7 31. Na3 Bd6 32. Qb2 Qc6 33. Ndb1 h5 34.
Nc2 g5 35. Nca3 h4 36. Nc2 f5 37. Nca3 g4 38. hxg4 fxg4 39. Kf1 h3 40. g3 Bc7
41. Kg1 Qf6 42. Qe2 Kg6 43. Nd2 Kg5 44. Qe1 Kh5 45. Qe2 Ba4 46. Ndb1 Bd6 47.
Kh2 Qf8 0-1

[Event "69. UEM HT"]
[Site "Schweinfurt / Germany"]
[Date "2018.04.06"]
[Round "7.2"]
[White "Orf, Niklas"]
[Black "Brätz, Yannick"]
[Result "1/2-1/2"]
[WhiteElo "1892"]
[BlackElo "1363"]
[Annotator "Lukas, Norbert"]
[PlyCount "23"]
[EventDate "2018.04.02"]
[EventType "swiss"]
[EventRounds "9"]
[EventCountry "GER"]
[SourceTitle "69. UEM"]
[Source "SK SW 2000 e.V."]
[SourceDate "2018.04.08"]
[SourceVersion "1"]
[SourceVersionDate "2018.04.08"]
[SourceQuality "1"]
[WhiteTeam "SK 1933 Bad Neustadt"]
[BlackTeam "Schachklub Schweinfurt 2000 e.V."]

1. c4 e6 2. Nc3 d5 3. e3 Nf6 4. Nf3 c6 5. b3 Bd6 6. d4 b6 7. Bd3 Bb7 8. O-O O-O
9. e4 Bb4 10. e5 Bxc3 11. exf6 g6 12. Bh6 1/2-1/2

[Event "69. UEM HT"]
[Site "Schweinfurt / Germany"]
[Date "2018.04.06"]
[Round "7.4"]
[White "Peuckert, Ruediger"]
[Black "Rachor, Udo"]
[Result "1/2-1/2"]
[WhiteElo "1822"]
[BlackElo "1618"]
[Annotator "Lukas, Norbert"]
[PlyCount "85"]
[EventDate "2018.04.02"]
[EventType "swiss"]
[EventRounds "9"]
[EventCountry "GER"]
[SourceTitle "69. UEM"]
[Source "SK SW 2000 e.V."]
[SourceDate "2018.04.08"]
[SourceVersion "1"]
[SourceVersionDate "2018.04.08"]
[SourceQuality "1"]
[WhiteTeam "Schachklub Schweinfurt 2000 e.V."]
[BlackTeam "TSV 1895 Karlburg e.V."]

1. d4 d5 2. Bf4 Bf5 3. e3 a6 4. Nf3 e6 5. Bd3 Nf6 6. Ne5 Nbd7 7. Nd2 Bxd3 8.
cxd3 c6 9. a3 Nxe5 10. dxe5 Nd7 11. d4 Be7 12. O-O c5 13. Qg4 g6 14. Bh6 cxd4
15. exd4 Bf8 16. Bxf8 Kxf8 17. Rac1 Kg7 18. b4 Rc8 19. Nb3 b6 20. Qe2 Nb8 21.
Rxc8 Qxc8 22. Rc1 Qd7 23. Qf3 Rc8 24. Qf6+ Kg8 25. Rxc8+ Qxc8 26. h4 Nc6 27. g4
Qd8 28. Qxd8+ Nxd8 29. f4 Nc6 30. Kf2 Kg7 31. Ke3 h6 32. Nc1 Ne7 33. a4 h5 34.
a5 b5 35. g5 Nc6 36. Nd3 Kf8 37. Kd2 Ke7 38. Kc3 Nb8 39. Nc5 Ke8 40. Nb7 Ke7
41. Nd6 Nc6 42. Nb7 Nb8 43. Nc5 1/2-1/2

[Event "69. UEM HT"]
[Site "Schweinfurt / Germany"]
[Date "2018.04.06"]
[Round "7.7"]
[White "Mehler, Walter"]
[Black "Nicola, Marius"]
[Result "1/2-1/2"]
[WhiteElo "1646"]
[BlackElo "1491"]
[Annotator "Lukas, Norbert"]
[PlyCount "40"]
[EventDate "2018.04.02"]
[EventType "swiss"]
[EventRounds "9"]
[EventCountry "GER"]
[SourceTitle "69. UEM"]
[Source "SK SW 2000 e.V."]
[SourceDate "2018.04.08"]
[SourceVersion "1"]
[SourceVersionDate "2018.04.08"]
[SourceQuality "1"]
[WhiteTeam "TSV 1895 Karlburg e.V."]
[BlackTeam "Schachklub Schweinfurt 2000 e.V."]

1. e4 e6 2. d4 d5 3. e5 c5 4. c3 Nc6 5. Nf3 Bd7 6. Be2 Nge7 7. O-O Nf5 8. Na3
a6 9. Nc2 Be7 10. Ne3 Nxe3 11. Bxe3 c4 12. b3 b5 13. b4 a5 14. a3 O-O 15. Qd2
f6 16. Bf4 f5 17. Bg5 Bxg5 18. Qxg5 Qxg5 19. Nxg5 h6 20. Nf3 a4 1/2-1/2

[Event "69. UEM HT"]
[Site "Schweinfurt / Germany"]
[Date "2018.04.06"]
[Round "8.5"]
[White "Hilgers, Peter"]
[Black "Volkamer, Klaus"]
[Result "0-1"]
[WhiteElo "1265"]
[BlackElo "1883"]
[Annotator "Lukas, Norbert"]
[PlyCount "44"]
[EventDate "2018.04.02"]
[EventType "swiss"]
[EventRounds "9"]
[EventCountry "GER"]
[SourceTitle "69. UEM"]
[Source "SK SW 2000 e.V."]
[SourceDate "2018.04.08"]
[SourceVersion "1"]
[SourceVersionDate "2018.04.08"]
[SourceQuality "1"]
[WhiteTeam "DJK Abersfeld"]
[BlackTeam "SC Kitzingen von 1905"]

1. b4 c6 2. Bb2 Qb6 3. Ba3 d5 4. d4 Bf5 5. Nf3 Nf6 6. e3 e6 7. Qd2 Ne4 8. Qc1
Bxb4+ 9. c3 Bxa3 10. Qxa3 Nxf2 11. Kxf2 Bxb1 12. Be2 Bg6 13. Ne5 Qc7 14. c4 Nd7
15. Nd3 dxc4 16. Nb2 b5 17. Rac1 Nb6 18. Nxc4 Nxc4 19. Bxc4 bxc4 20. Rxc4 Be4
21. Qc5 Qe7 22. Qe5 Qf6+ 0-1

[Event "69. UEM HT"]
[Site "Schweinfurt / Germany"]
[Date "2018.04.06"]
[Round "8.10"]
[White "Bokov, Igor"]
[Black "Bürger, Norbert"]
[Result "0-1"]
[WhiteElo "741"]
[BlackElo "1697"]
[Annotator "Lukas, Norbert"]
[PlyCount "98"]
[EventDate "2018.04.02"]
[EventType "swiss"]
[EventRounds "9"]
[EventCountry "GER"]
[SourceTitle "69. UEM"]
[Source "SK SW 2000 e.V."]
[SourceDate "2018.04.08"]
[SourceVersion "1"]
[SourceVersionDate "2018.04.08"]
[SourceQuality "1"]
[WhiteTeam "Schachklub Schweinfurt 2000 e.V."]
[BlackTeam "DJK Abersfeld"]

1. e4 d5 2. Nc3 d4 3. Na4 e5 4. Nf3 Bd6 5. c3 c5 6. Bb5+ Bd7 7. Bxd7+ Nxd7 8.
O-O a6 9. b3 Ngf6 10. Qe2 O-O 11. h3 b5 12. Nb2 Nb6 13. Nd1 Qd7 14. d3 Rae8 15.
Bg5 Nh5 16. Nxe5 Rxe5 17. Qxh5 f6 18. Qg4 Qxg4 19. hxg4 Rxg5 20. f3 Bf4 21.
cxd4 cxd4 22. Kf2 Rc5 23. b4 Rc2+ 24. Kg1 Rfc8 25. Rf2 Be3 26. Nxe3 dxe3 27.
Rxc2 Rxc2 28. Kf1 Na4 29. Re1 Nc3 30. Rxe3 Rc1+ 31. Kf2 Nd1+ 32. Ke2 Nxe3 33.
Kxe3 Rc2 34. g3 Rxa2 35. d4 Ra4 36. d5 Rxb4 37. f4 Kf7 38. g5 fxg5 39. fxg5 g6
40. Kf4 Rc4 41. Ke5 Rc8 42. d6 b4 43. d7 Rd8 44. Kd6 b3 45. Kc7 Ke7 46. e5
Rxd7+ 47. Kb6 b2 48. Kxa6 b1=Q 49. Ka5 Ra7# 0-1

[Event "69. UEM HT"]
[Site "Schweinfurt / Germany"]
[Date "2018.04.06"]
[Round "8.3"]
[White "Brennfleck, Martin"]
[Black "Elbert, Thomas"]
[Result "0-1"]
[WhiteElo "1656"]
[BlackElo "1789"]
[Annotator "Lukas, Norbert"]
[PlyCount "100"]
[EventDate "2018.04.02"]
[EventType "swiss"]
[EventRounds "9"]
[EventCountry "GER"]
[SourceTitle "69. UEM"]
[Source "SK SW 2000 e.V."]
[SourceDate "2018.04.08"]
[SourceVersion "1"]
[SourceVersionDate "2018.04.08"]
[SourceQuality "1"]
[WhiteTeam "SC Kitzingen von 1905"]
[BlackTeam "Schachfreunde Sailauf"]

1. c4 Nf6 2. Nc3 e6 3. g3 d5 4. d4 Be7 5. e3 O-O 6. Bg2 c6 7. b3 Bb4 8. Bd2
Nbd7 9. a3 Bd6 10. c5 Bc7 11. Nge2 e5 12. O-O exd4 13. exd4 Re8 14. b4 a6 15.
Bf4 Nf8 16. Bxc7 Qxc7 17. h3 Bf5 18. Kh2 Ne6 19. Qd2 Nd7 20. Rae1 Ndf8 21. Ng1
h6 22. Re2 Re7 23. Rfe1 Rae8 24. Re5 Bh7 25. Nce2 Ng6 26. Re3 Nh4 27. Bf1 Be4
28. Nc3 Bh7 29. Bd3 Nf5 30. Bxf5 Bxf5 31. Nce2 Ng5 32. Nf4 Ne4 33. Qb2 g5 34.
Ng2 h5 35. Qe2 Bg6 36. Nf3 f6 37. Nd2 Kf7 38. Nxe4 Rxe4 39. Qd2 h4 40. Rxe4
hxg3+ 41. fxg3 Bxe4 42. Qe2 Qd7 43. Qg4 Bf5 44. Qh5+ Bg6 45. Qd1 Rh8 46. h4 Be4
47. h5 Bxg2 48. Kxg2 g4 49. Rh1 Qf5 50. Rf1 Qe4+ 0-1

[Event "69. UEM HT"]
[Site "Schweinfurt / Germany"]
[Date "2018.04.06"]
[Round "8.8"]
[White "Köhler, Michael"]
[Black "Susallek, Daniela"]
[Result "1-0"]
[WhiteElo "1608"]
[BlackElo "1100"]
[Annotator "Lukas, Norbert"]
[PlyCount "35"]
[EventDate "2018.04.02"]
[EventType "swiss"]
[EventRounds "9"]
[EventCountry "GER"]
[SourceTitle "69. UEM"]
[Source "SK SW 2000 e.V."]
[SourceDate "2018.04.08"]
[SourceVersion "1"]
[SourceVersionDate "2018.04.08"]
[SourceQuality "1"]
[WhiteTeam "SC Prichsenstadt"]
[BlackTeam "SK 1928 Mömbris"]

1. d4 f5 2. c4 Nf6 3. Nf3 b6 4. g3 Bb7 5. Bg2 d6 6. O-O Nbd7 7. d5 h6 8. Nd4 g6
9. Nc3 h5 10. Ne6 Qc8 11. e4 c6 12. exf5 gxf5 13. Qc2 cxd5 14. Qxf5 Ne5 15.
cxd5 Qc4 16. Bf4 Qd3 17. Qxd3 Nxd3 18. Nc7+ 1-0

[Event "69. UEM HT"]
[Site "Schweinfurt / Germany"]
[Date "2018.04.06"]
[Round "8.1"]
[White "Simon, Manuel"]
[Black "Brätz, Yannick"]
[Result "1/2-1/2"]
[WhiteElo "1562"]
[BlackElo "1363"]
[Annotator "Lukas, Norbert"]
[PlyCount "71"]
[EventDate "2018.04.02"]
[EventType "swiss"]
[EventRounds "9"]
[EventCountry "GER"]
[SourceTitle "69. UEM"]
[Source "SK SW 2000 e.V."]
[SourceDate "2018.04.08"]
[SourceVersion "1"]
[SourceVersionDate "2018.04.08"]
[SourceQuality "1"]
[WhiteTeam "SK 1928 Mömbris"]
[BlackTeam "Schachklub Schweinfurt 2000 e.V."]

1. e4 e5 2. Nf3 Nc6 3. d4 exd4 4. Nxd4 Bc5 5. Be3 Qf6 6. c3 Nge7 7. Bc4 d6 8.
O-O Bb6 9. Re1 Ne5 10. Be2 O-O 11. Nd2 Bd7 12. Kh1 N5c6 13. Nc4 Nxd4 14. Nxb6
axb6 15. cxd4 Rfd8 16. Bf3 Nc6 17. Qd2 Qg6 18. Rec1 Rac8 19. a3 Bg4 20. Qe2
Bxf3 21. Qxf3 Re8 22. Qf5 Qxf5 23. exf5 d5 24. Re1 h6 25. Rac1 Kh7 26. h3 Re7
27. Kg1 Rce8 28. Kf1 Na5 29. Bf4 Nc4 30. Rxe7 Rxe7 31. b3 Nd6 32. g4 g6 33.
fxg6+ fxg6 34. Be5 Rd7 35. f3 c6 36. Kf2 1/2-1/2

[Event "69. UEM HT"]
[Site "Schweinfurt / Germany"]
[Date "2018.04.06"]
[Round "8.6"]
[White "Rachor, Udo"]
[Black "Brodt, Andreas"]
[Result "1-0"]
[WhiteElo "1618"]
[BlackElo "1784"]
[Annotator "Lukas, Norbert"]
[PlyCount "79"]
[EventDate "2018.04.02"]
[EventType "swiss"]
[EventRounds "9"]
[EventCountry "GER"]
[SourceTitle "69. UEM"]
[Source "SK SW 2000 e.V."]
[SourceDate "2018.04.08"]
[SourceVersion "1"]
[SourceVersionDate "2018.04.08"]
[SourceQuality "1"]
[WhiteTeam "TSV 1895 Karlburg e.V."]
[BlackTeam "Schachklub Schweinfurt 2000 e.V."]

1. e4 c5 2. Nf3 d6 3. d4 cxd4 4. Nxd4 Nf6 5. Nc3 a6 6. Be2 g6 7. O-O Bg7 8. Be3
O-O 9. h3 b5 10. a3 Bb7 11. Bd3 Nc6 12. Nde2 Re8 13. Qd2 Kh8 14. Rab1 Rc8 15.
f3 Ne5 16. Kh1 Nc4 17. Bxc4 Rxc4 18. Bh6 Ng8 19. Bxg7+ Kxg7 20. Rfc1 e5 21. Nd5
Re6 22. Ne3 h5 23. Nxc4 bxc4 24. Nc3 Qh4 25. Rf1 Nf6 26. Kh2 Nd7 27. Qf2 Qd8
28. Rfd1 Nc5 29. Qxc5 h4 30. Qf2 g5 31. Nd5 Bxd5 32. Rxd5 Qf6 33. Qe3 Kg6 34.
Rbd1 Kg7 35. Kg1 Qe7 36. b3 cxb3 37. cxb3 Kf8 38. b4 Rg6 39. Qb6 Re6 40. Rxd6
1-0

[Event "69. UEM HT"]
[Site "Schweinfurt / Germany"]
[Date "2018.04.06"]
[Round "8.9"]
[White "Schalkhäuser, Linus"]
[Black "Mehler, Walter"]
[Result "0-1"]
[WhiteElo "801"]
[BlackElo "1646"]
[Annotator "Lukas, Norbert"]
[PlyCount "100"]
[EventDate "2018.04.02"]
[EventType "swiss"]
[EventRounds "9"]
[EventCountry "GER"]
[SourceTitle "69. UEM"]
[Source "SK SW 2000 e.V."]
[SourceDate "2018.04.08"]
[SourceVersion "1"]
[SourceVersionDate "2018.04.08"]
[SourceQuality "1"]
[WhiteTeam "Schachklub Schweinfurt 2000 e.V."]
[BlackTeam "TSV 1895 Karlburg e.V."]

1. e4 c5 2. Nf3 Nc6 3. Bc4 e6 4. d3 Be7 5. Bf4 b5 6. Bxb5 Qa5+ 7. Nc3 Nd4 8.
O-O Nxb5 9. Nxb5 Qxb5 10. b3 d6 11. c4 Qb6 12. e5 dxe5 13. Bxe5 Bf6 14. Re1 Bb7
15. Bxf6 Nxf6 16. Re2 Qc6 17. Qe1 O-O 18. a4 Rfd8 19. Rd2 Rd4 20. Kf1 Rf4 21.
Qe2 Ng4 22. Ne5 Qxg2+ 23. Ke1 Qg1+ 24. Qf1 Qxf1+ 25. Kxf1 Nxe5 26. Re2 Nxd3 27.
Rd2 Rd4 28. Rad1 Rad8 29. Ke2 Nf4+ 30. Ke3 Ng2+ 31. Ke2 Rxd2+ 32. Rxd2 Nf4+ 33.
Ke3 Rxd2 34. Kxd2 a5 35. Kc3 Be4 36. b4 axb4+ 37. Kb3 Kf8 38. a5 Bc6 39. h4 Nd3
40. f3 Bxf3 41. a6 Bc6 42. a7 e5 43. Kc2 e4 44. Kd2 Ne5 45. Ke3 b3 46. Kd2 e3+
47. Kxe3 b2 48. Kf4 f6 49. Kf5 Ke7 50. h5 b1=Q+ 0-1

[Event "69. UEM HT"]
[Site "Schweinfurt / Germany"]
[Date "2018.04.06"]
[Round "8.11"]
[White "Chen, Jiwei"]
[Black "Gerhard, Phillip"]
[Result "0-1"]
[WhiteElo "1062"]
[BlackElo "964"]
[Annotator "Lukas, Norbert"]
[PlyCount "52"]
[EventDate "2018.04.02"]
[EventType "swiss"]
[EventRounds "9"]
[EventCountry "GER"]
[SourceTitle "69. UEM"]
[Source "SK SW 2000 e.V."]
[SourceDate "2018.04.08"]
[SourceVersion "1"]
[SourceVersionDate "2018.04.08"]
[SourceQuality "1"]
[WhiteTeam "Schachklub Schweinfurt 2000 e.V."]
[BlackTeam "TSV 1895 Karlburg e.V."]

1. e4 c5 2. Nf3 Nc6 3. Bc4 d6 4. h3 e5 5. Nc3 Nd4 6. d3 Be6 7. Bd5 Qd7 8. Nh2
Be7 9. O-O Nf6 10. Bb3 Bxh3 11. gxh3 Qxh3 12. Nd5 Nxd5 13. Bxd5 h5 14. c3 Ne6
15. Kh1 Nf4 16. Bxf4 exf4 17. f3 Bh4 18. Rg1 Bg3 19. Rg2 Rh6 20. Qd2 O-O-O 21.
Rag1 Rg6 22. Bxf7 Rg5 23. d4 Bxh2 24. Rxh2 Qxf3+ 25. Rgg2 Qf1+ 26. Rg1 Qxg1#
0-1

[Event "69. UEM HT"]
[Site "Schweinfurt / Germany"]
[Date "2018.04.06"]
[Round "8.4"]
[White "Peuckert, Ruediger"]
[Black "Herberich, Martin"]
[Result "0-1"]
[WhiteElo "1822"]
[BlackElo "1810"]
[Annotator "Lukas, Norbert"]
[PlyCount "162"]
[EventDate "2018.04.02"]
[EventType "swiss"]
[EventRounds "9"]
[EventCountry "GER"]
[SourceTitle "69. UEM"]
[Source "SK SW 2000 e.V."]
[SourceDate "2018.04.08"]
[SourceVersion "1"]
[SourceVersionDate "2018.04.08"]
[SourceQuality "1"]
[WhiteTeam "Schachklub Schweinfurt 2000 e.V."]
[BlackTeam "TV Faulbach e.V. 1920"]

1. e4 c5 2. Nf3 e6 3. Be2 Nc6 4. c3 d6 5. d4 cxd4 6. Nxd4 Nf6 7. Bg5 Be7 8.
Nxc6 bxc6 9. Nd2 O-O 10. O-O Qc7 11. Be3 a5 12. f3 Bb7 13. Qe1 Ba6 14. Qf2 Bxe2
15. Qxe2 Rfb8 16. Rab1 d5 17. exd5 cxd5 18. Nb3 Bd6 19. g3 a4 20. Nd4 Bc5 21.
Nc2 Bxe3+ 22. Qxe3 Ne8 23. a3 Nd6 24. Nb4 Nc4 25. Qf2 Qb6 26. Qxb6 Rxb6 27.
Rfd1 Rd6 28. Kf2 Kf8 29. Ke2 Rb6 30. f4 Ke7 31. Kd3 g6 32. Re1 Kf6 33. g4 h6
34. Re2 Na5 35. Rd1 Rc8 36. Kc2 Nb3 37. h4 Rc4 38. Rf2 Rb8 39. Nd3 Re4 40. Ne5
Kg7 41. Nd7 Rd8 42. Ne5 f6 43. Nc6 Rc8 44. Nb4 Rcc4 45. Nd3 Nc5 46. Nxc5 Rxc5
47. Kd3 Rcc4 48. Rdf1 f5 49. g5 h5 50. Re2 Kf7 51. Rxe4 Rxe4 52. Rf2 Ke7 53.
Kc2 Kd6 54. b4 axb3+ 55. Kxb3 Kc5 56. a4 Kb6 57. a5+ Kxa5 58. Ra2+ Kb6 59. Ra8
Rxf4 60. Rg8 Kc5 61. Rxg6 Rxh4 62. Rxe6 Rg4 63. g6 f4 64. Rf6 h4 65. Kc2 h3 66.
g7 Rxg7 67. Rxf4 Rh7 68. Rf1 h2 69. Rh1 Kc4 70. Kd2 Kb3 71. Kd3 Rh4 72. Rb1+
Ka2 73. Rh1 Kb2 74. Kd2 Rh3 75. Ke2 Rxc3 76. Kf2 Rc1 77. Rxh2 Rc2+ 78. Kg3 Rxh2
79. Kxh2 d4 80. Kg2 d3 81. Kf2 Kc2 0-1

[Event "69. UEM HT"]
[Site "Schweinfurt / Germany"]
[Date "2018.04.07"]
[Round "9.6"]
[White "Bürger, Norbert"]
[Black "Nicola, Marius"]
[Result "1-0"]
[WhiteElo "1697"]
[BlackElo "1491"]
[Annotator "Lukas, Norbert"]
[PlyCount "77"]
[EventDate "2018.04.02"]
[EventType "swiss"]
[EventRounds "9"]
[EventCountry "GER"]
[SourceTitle "69. UEM"]
[Source "SK SW 2000 e.V."]
[SourceDate "2018.04.08"]
[SourceVersion "1"]
[SourceVersionDate "2018.04.08"]
[SourceQuality "1"]
[WhiteTeam "DJK Abersfeld"]
[BlackTeam "Schachklub Schweinfurt 2000 e.V."]

1. d4 e6 2. e4 d5 3. Nd2 Nf6 4. exd5 exd5 5. Ngf3 Bd6 6. Be2 O-O 7. O-O Bg4 8.
Re1 c6 9. Ne5 Bxe2 10. Rxe2 Qc7 11. f4 Nfd7 12. Ndf3 f6 13. Nd3 Nb6 14. Nc5
N8d7 15. Ne6 Qc8 16. Nxf8 Qxf8 17. b3 c5 18. Kh1 c4 19. g3 Qf7 20. Qe1 Qh5 21.
Nh4 Bb4 22. Bd2 c3 23. Bc1 Rc8 24. a4 Nf8 25. Ba3 a5 26. Bxb4 axb4 27. Re7 Nbd7
28. Qe3 Rd8 29. Re1 Ng6 30. Qe6+ Kh8 31. Nxg6+ hxg6 32. Re8+ Rxe8 33. Qxe8+ Kh7
34. Qxd7 Qf3+ 35. Kg1 g5 36. Qh3+ Kg6 37. f5+ Kf7 38. Qh7 Qg4 39. Qg6+ 1-0

[Event "69. UEM HT"]
[Site "Schweinfurt / Germany"]
[Date "2018.04.07"]
[Round "9.7"]
[White "Hilgers, Peter"]
[Black "Peuckert, Ruediger"]
[Result "0-1"]
[WhiteElo "1265"]
[BlackElo "1822"]
[Annotator "Lukas, Norbert"]
[PlyCount "66"]
[EventDate "2018.04.02"]
[EventType "swiss"]
[EventRounds "9"]
[EventCountry "GER"]
[SourceTitle "69. UEM"]
[Source "SK SW 2000 e.V."]
[SourceDate "2018.04.08"]
[SourceVersion "1"]
[SourceVersionDate "2018.04.08"]
[SourceQuality "1"]
[WhiteTeam "DJK Abersfeld"]
[BlackTeam "Schachklub Schweinfurt 2000 e.V."]

1. b4 d5 2. Bb2 Bf5 3. Nf3 e6 4. e3 Nf6 5. b5 Nbd7 6. Be2 c5 7. c4 Be7 8. Nc3
b6 9. Nh4 Bg6 10. Nf3 Qc7 11. cxd5 exd5 12. a4 Ne5 13. d4 Nxf3+ 14. Bxf3 Rd8
15. Ne2 Be4 16. Ng3 Bxf3 17. Qxf3 c4 18. Bc3 g6 19. O-O O-O 20. Rfc1 Rfe8 21.
a5 Qd7 22. Rcb1 Rb8 23. Ne2 bxa5 24. Rxa5 Ne4 25. g3 Bd8 26. Raa1 Re6 27. Qg4
Nxf2 28. Qf3 Ne4 29. Qf1 Rf6 30. Qc1 Rf2 31. Nf4 g5 32. Rb2 Rxb2 33. Ng2 R2xb5
0-1

[Event "69. UEM HT"]
[Site "Schweinfurt / Germany"]
[Date "2018.04.07"]
[Round "9.1"]
[White "Simon, Manuel"]
[Black "Pfennig, Joachim"]
[Result "1-0"]
[WhiteElo "1562"]
[BlackElo "1452"]
[Annotator "Lukas, Norbert"]
[PlyCount "57"]
[EventDate "2018.04.02"]
[EventType "swiss"]
[EventRounds "9"]
[EventCountry "GER"]
[SourceTitle "69. UEM"]
[Source "SK SW 2000 e.V."]
[SourceDate "2018.04.08"]
[SourceVersion "1"]
[SourceVersionDate "2018.04.08"]
[SourceQuality "1"]
[WhiteTeam "SK 1928 Mömbris"]
[BlackTeam "SC 1947 Bergrheinfeld"]

1. e4 Nf6 2. e5 Nd5 3. c4 Nb6 4. d4 d6 5. exd6 exd6 6. Nc3 Bf5 7. Nf3 Nc6 8.
Bd3 Bxd3 9. Qxd3 Nb4 10. Qe2+ Qe7 11. Be3 g6 12. O-O Bg7 13. a3 Nc6 14. Rfe1
O-O 15. Qd3 Qd7 16. Rac1 Nc8 17. b4 a6 18. d5 Ne5 19. Nxe5 Bxe5 20. Ne4 Ne7 21.
f3 Nf5 22. Bf2 Qe7 23. c5 Bf4 24. Rc2 Be5 25. Rce2 Rfe8 26. f4 dxc5 27. Bxc5
Qh4 28. fxe5 Rxe5 29. Nf6+ 1-0

[Event "69. UEM HT"]
[Site "Schweinfurt / Germany"]
[Date "2018.04.07"]
[Round "9.2"]
[White "Volkamer, Klaus"]
[Black "Elbert, Thomas"]
[Result "1-0"]
[WhiteElo "1883"]
[BlackElo "1789"]
[Annotator "Lukas, Norbert"]
[PlyCount "45"]
[EventDate "2018.04.02"]
[EventType "swiss"]
[EventRounds "9"]
[EventCountry "GER"]
[SourceTitle "69. UEM"]
[Source "SK SW 2000 e.V."]
[SourceDate "2018.04.08"]
[SourceVersion "1"]
[SourceVersionDate "2018.04.08"]
[SourceQuality "1"]
[WhiteTeam "SC Kitzingen von 1905"]
[BlackTeam "Schachfreunde Sailauf"]

1. d4 Nf6 2. c4 e6 3. Nf3 d5 4. Bg5 Be7 5. Nc3 O-O 6. e3 Nbd7 7. Rc1 h6 8. Bh4
b6 9. cxd5 Nxd5 10. Nxd5 exd5 11. Bxe7 Qxe7 12. Rxc7 Qd6 13. Rc3 Re8 14. Be2
Nf6 15. Qc2 Bd7 16. O-O Ne4 17. Rc7 Re7 18. Rc1 Qf6 19. Bd3 Rd8 20. Bxe4 dxe4
21. Ne5 Be6 22. Rxe7 Qxe7 23. Nc6 1-0